000 00437nam a22001697a 4500
003 UA-OsUOA
001 4617
007 ta
008 20050721b un ||||| |||| 00| 0 ukr d
100 _aНиркова
700 _aС. А.
942 _cBK
040 _aUA-OsUOA
_cUA-OsUOA
_dUA-OsUOA
245 _aЛексико- семантичні особливості синонм. рядів прик
_bBA Paper
955 _a2
650 7 _2UDC
999 _c290779
_d290779